Emanuele vive : La Capitale, 25 agosto 1996 /
Salvato in:
| Autore principale: | |
|---|---|
| Natura: | Libro |
| Lingua: | italiano |
| Pubblicazione: |
Roma :
Edizioni Libreria Croce,
stampa 2004
|
| Serie: | Ozio sapiente
|
| Tags: |
Nessun Tag, puoi essere il primo ad aggiungerne!!
|
MARC
| LEADER | 00000nam a22000007i 4500 | ||
|---|---|---|---|
| 001 | IT\ICCU\RMS\2673928 | ||
| 003 | ItRI | ||
| 005 | 20240305173602.0 | ||
| 008 | 141217s2004 it |||||| ||||| |||||c | ||
| 020 | |a 8889337036 | ||
| 040 | |b ita |c GP | ||
| 041 | 7 | |a ita |2 ISO-639-2 | |
| 100 | 1 | |a Córdoba, Francisco |0 IT\ICCU\BVEV\050148 |4 aut | |
| 245 | 1 | 0 | |a Emanuele vive : |b La Capitale, 25 agosto 1996 / |c Francisco Córdoba. |
| 260 | |a Roma : |b Edizioni Libreria Croce, |c stampa 2004 | ||
| 300 | |a 231 p. : |b ill. ; |c 21 cm | ||
| 830 | 0 | |a Ozio sapiente |0 IT\ICCU\CFI\0966229 | |
| 942 | |2 ddc |c BK | ||
| 952 | |0 0 |1 0 |2 ddc |4 0 |6 853_920000000000000_COR |7 1 |9 840 |a RM |b RM |d 2024-03-05 |l 0 |o 853.92 COR |p 379 |r 2024-03-05 17:36:31 |w 2024-03-05 |y BK | ||
| 981 | 1 | |6 z01 |a i |b xxxe | |
| 982 | 1 | |6 z01 |a n | |
| 999 | |c 798 |d 798 | ||